LEADER 01733nam0 22003491i 450 001 UON00018280 005 20231205102005.509 100 $a20020107d1969 |0itac50 ba 101 $aita 102 $aIT 105 $a|||| 1|||| 200 1 $aˆIl ‰Libro dei Re$fFirdusi$ga cura di Francesco Gabrieli 210 $aTorino$cUTET$d1969 623 p. ; 18 cm 410 1$1001UON00019339$12001 $aˆI ‰grandi scrittori stranieri$ecollana di traduzioni$v292 606 $aLETTERATURA PERSIANA$xEPICA$3UONC005097$2FI 606 $aLETTERATURA PERSIANA$xPERIODO GHAZNAVIDE$xPOESIA$xFERDOWSI$3UONC000296$2FI 620 $aIT$dTorino$3UONL000014 686 $aIRA VI AEX$cIRAN - LETTERATURA - PERSIANO - TESTI LETTERARI - PERIODO ARCAICO E CLASSICO$2A 700 1$aFirdawsi?$bAbu? al-Qa?sim H?asan$3UONV008438$0194003 702 1$aGabrieli$bFrancesco$3UONV007207 712 $aUtet$3UONV246439$4650 790 0$aFIRDUSI$zFirdawsi?, Abu? al-Qa?sim H?asan$3UONV171181 801 $aIT$bSOL$c20250214$gRICA 899 $aSIBA - SISTEMA BIBLIOTECARIO DI ATENEO$2UONSI 912 $aUON00018280 950 $aSIBA - SISTEMA BIBLIOTECARIO DI ATENEO$dSI IRA VI AEX 001 $eSI SA 928 7 001 966 $aEPICA PERSIANA$zLETTERATURA PERSIANA - EPICA$3UONC005762 966 $aLETTERATURA PERSIANA - PERIODO GHAZNAVIDE - POESIA - FERDOWSI$yLETTERATURA PERSIANA - EPICA$3UONC000296 966 $aFERDOWSI$zLETTERATURA PERSIANA - PERIODO GHAZNAVIDE - POESIA - FERDOWSI$3UONC005763 966 $aLETTERATURA PERSIANA - EPICA$yLETTERATURA PERSIANA - PERIODO GHAZNAVIDE - POESIA - FERDOWSI$3UONC005097 996 $aLibro dei re$9517722 997 $aUNIOR